|
|
|
|
| LEADER |
00000nam a22000007a 4500 |
| 005 |
2013112809309.0 |
| 007 |
cr|||| |||| |
| 008 |
131128s2013 sp |||||s|||| 00||0 spa d |
| 020 |
|
|
|a 978-84-9031-693-1
|
| 035 |
|
|
|a 11667
|
| 040 |
|
|
|a vLex
|
| 090 |
|
|
|c 4596
|d 4596
|
| 100 |
1 |
|
|a Vacas Fernandez, Fľix
|
| 245 |
1 |
3 |
|a La dimensin̤ exterior de UNASUR: Instrumento de la accin̤ concertada de los Estados Sudamericanos
|h [Recurso electrn̤ico] /
|c Fľix Vacas Fernǹdez
|
| 256 |
|
|
|a Servicio en ln̕ea
|
| 260 |
|
|
|a Madrid :
|b Dykinson,
|c 2013
|
| 300 |
|
|
|a 1 recurso electrn̤ico
|
| 506 |
1 |
|
|a Contenido solo disponible en los productos indicados
|d vLex Global
|d vLex Global (Academic Edition, excluding Law Schools)
|d vLex Global (U.S. Academic Edition, Law Schools)
|d vLex Global (U.S. Academic Edition, excluding Law Schools)
|d vLex Global (Academic Edition, Law Schools)
|
| 650 |
0 |
4 |
|a Derecho internacional
|
| 650 |
0 |
4 |
|a Amřica Latina
|
| 740 |
0 |
|
|a vLex Libros (Servicio en ln̕ea)
|
| 856 |
4 |
0 |
|u http://vlex.com/source/la-dimension-exterior-unasur-instrumento-accion-concertada-estados-sudamericanos-11667
|z Acceso restringido
|
| 942 |
|
|
|c BOOK
|
| 999 |
0 |
|
|a Latin America
|
| 999 |
0 |
|
|a International Law
|